| 000 | 00652nam a22002297a 4500 | ||
|---|---|---|---|
| 005 | 20170124110053.0 | ||
| 010 | _aB-065063 | ||
| 020 |
_c240.00 _a812502204 |
||
| 035 | _aB-065063 | ||
| 037 | _bCen Lib/Ret | ||
| 040 |
_aDPL _bEN |
||
| 082 |
_a796.358 _bIND |
||
| 100 |
_a _925814 |
||
| 245 |
_aIndian cricket century / _cedited by Ramachandra Guha |
||
| 260 |
_aHyderabad _bOreint longman _c2002 |
||
| 270 |
_bHyderabad _a3-6-272 Himayatnagar _e500029 |
||
| 300 |
_axii,194p. _c20m(pbk) |
||
| 650 |
_aGames _922638 |
||
| 650 |
_aCricket _925815 |
||
| 700 |
_925566 _aGuha, Ramachandra |
||
| 942 |
_2ddc _cEN _h796.358 _mIND |
||
| 999 |
_c129240 _d129240 |
||